Zlepšenie výrobného procesu plnenia fliaš pomocou simulácie
Saved in:
| Main Author: | |
|---|---|
| Other Authors: | |
| Format: | Manuscript Book |
| Language: | Slovak |
| Published: |
2019
|
| Subjects: | |
| Online Access: | http://is.stuba.sk/zp/portal_zp.pl?podrobnosti=143702 |
| Tags: |
No Tags, Be the first to tag this record!
|
MARC
| LEADER | 00000ntm a22000003a 4500 | ||
|---|---|---|---|
| 001 | stuzp71919 | ||
| 003 | SK-STU | ||
| 005 | 20190615211643.2 | ||
| 007 | ta | ||
| 008 | 150427s2015----xo-----f-mn---000-0-slo-d | ||
| 040 | |a STU |b slo | ||
| 041 | 0 | |a slo | |
| 100 | 1 | |a Zemková, Tatiana |u 066000 |k Z4 |4 aut |U MTF Materiálovotechnologická fakulta |T MTF Ústav aplikovanej informatiky, automatizácie a mechatroniky |X 73488 |U M6000 |Y 86 |7 73488 | |
| 242 | 0 | 1 | |a Improvement of the bottling production process by simulation |y eng |
| 245 | 1 | 0 | |a Zlepšenie výrobného procesu plnenia fliaš pomocou simulácie |
| 260 | |c 2019 | ||
| 650 | 4 | |a výrobná linka |2 slo | |
| 650 | 4 | |a simulácia |2 slo | |
| 650 | 4 | |a nápoj |2 slo | |
| 650 | 4 | |a model |2 slo | |
| 650 | 4 | |a experiment |2 slo | |
| 650 | 4 | |a beverage |2 eng | |
| 650 | 4 | |a production line |2 eng | |
| 650 | 4 | |a model |2 eng | |
| 650 | 4 | |a simulation |2 eng | |
| 650 | 4 | |a experiment |2 eng | |
| 700 | 1 | |a Važan, Pavel |u 066000 |k Z1 |4 ths |U MTF Materiálovotechnologická fakulta |T MTF Ústav aplikovanej informatiky, automatizácie a mechatroniky |X 323 |U M6000 |Y 86 |7 A000000323 | |
| 856 | 4 | |u http://is.stuba.sk/zp/portal_zp.pl?podrobnosti=143702 | |
| 996 | |c M* DP-13900 |l MMSKP |s P |a 0 |w stuzp71919_0001 | ||